000 00528cam a2200169 i 4500
020 _a0137009402 (hardcover)
020 _a9780137009404 (hardcover)
082 0 0 _a526.9
_bKAV
_cN-2,P-99
100 1 _aKavanagh, Barry F.
_98455
245 1 0 _aSurveying :
_bprinciples and applications.
250 _aNinth edition /
300 _axi, pages :
_billustrations (some color), maps (some color) ;
_c24 cm
526 _a0
_b0
_c0
_d526_900000000000000_KAV
650 0 _aSurveying.
700 1 _aMastin, Tom B.
_951506
942 _2ddc
_cBK
999 _c554191
_d554191